书目信息 |
| 题名: |
走向后现代主义
|
|
| 作者: | 佛克马 , Fokkema , 贝尔滕斯 , Bertens 编 ;王宁 译 | |
| 分册: | ||
| 出版信息: | 北京 北京大学出版社 1991.5 |
|
| 页数: | 325页 | |
| 开本: | 20厘米 | |
| 丛书名: | 文艺美学丛书 | |
| 单 册: | ||
| 中图分类: | I109.9 | |
| 科图分类: | ||
| 主题词: | 后现代主义--文学研究 | |
| 电子资源: | ||
| ISBN: | 7-301-01352-3 | |
| 000 | 01251nam2 2200349 450 | |
| 001 | 0100341466 | |
| 005 | 20020928000000.0 | |
| 010 | @a7-301-01352-3@dCNY5.90 | |
| 011 | @a7-301-01352-3 | |
| 100 | @a19911115d1991 kemy0chiy0110 ea | |
| 101 | 0 | @achi |
| 102 | @aCN@b110000 | |
| 105 | @ay z 000zy | |
| 106 | @ar | |
| 200 | 1 | @a走向后现代主义@9Zou Xiang Hou Xian Dai Zhu Yi @f(荷)佛克马(Fokkema,D.),(荷)伯顿斯(Bertens,H.)编@g王 宁等译@b专著 |
| 210 | @a北京@c北京大学出版社@d1991.5 | |
| 215 | @a325页@d20厘米 | |
| 225 | 2 | @a文艺美学丛书 |
| 300 | @a书名原文:Approaching postmodernism | |
| 304 | @a伯顿斯通译:贝尔滕斯 | |
| 330 | @a本书将“后现代主义”作为一种文化概念,全面考察了它的历史沿革、世界观,后现代主义与现代主义的关系,后现代主义的准则及其文学史分期等理论问题,同时还对后现代主义的文学作品作了具体的分析。 | |
| 410 | 0 | @12001 @a文艺美学丛书 |
| 510 | 1 | @aApproaching postmidernism@zeng |
| 606 | 0 | @a后现代主义@x文学研究 |
| 690 | @aI109.9 | |
| 701 | 1 | @c(荷)@a佛克马@c(Fokkema, Douwe)@4编@9fo ke ma |
| 701 | 1 | @aFokkema@bD.@4编 |
| 701 | 1 | @a贝尔滕斯@9bei er teng si@bH.@4编 |
| 701 | 1 | @aBertens@bH.@4编 |
| 702 | 0 | @a王宁@9wang ning@4译 |
| 801 | 0 | @aCN@bAiZhiMarc@c19911115 |
| 905 | @aBZT@dI109.9@e13@f3@sI109.9/13 | |
| 走向后现代主义/(荷)佛克马(Fokkema,D.),(荷)伯顿斯(Bertens,H.)编/王 宁等译.-北京:北京大学出版社,1991.5 |
| 325页;20厘米.-(文艺美学丛书) |
| 书名原文:Approaching postmodernism |
| ISBN 7-301-01352-3:CNY5.90 |
| 本书将“后现代主义”作为一种文化概念,全面考察了它的历史沿革、世界观,后现代主义与现代主义的关系,后现代主义的准则及其文学史分期等理论问题,同时还对后现代主义的文学作品作了具体的分析。 |
| ● |
| 相关链接 |
|
|
|
正题名:走向后现代主义
索取号:I109.9/13
 
预约/预借
| 序号 | 登录号 | 条形码 | 馆藏地/架位号 | 状态 | 备注 |
| 1 | 2000037840 | 2000037840 | 旧书回溯/ [索取号:I109.9/13] | 在馆 | |
| 2 | 2000037841 | 2000037841 | 旧书回溯/ [索取号:I109.9/13] | 在馆 | |
| 3 | 2000037842 | 2000037842 | 旧书回溯/ [索取号:I109.9/13] | 在馆 |